1124 1577 1394 1036 1456 1953 1077 1865 1708 1548 1227 1974 1596 1869 1468 1335 1283 1374 1841 1732 1894 1628 1480 1648 1856 1534 1651 1375 1995 1235 1657 1055 1483 1618 1840 1621 1034 1704 1741 1703 1548 1679 1744 1444 1298 1201 1249 1895 1686 1056 1862 1258 1926 1410 1313 1263 1350 1058 1997 1833 1181 1249 1291 1164 1655 1502 1898 1412 1722 1491 1936 1897 1697 1379 1458 1989 1245 1071 1381 1513 1456 1553 1776 1177 1788 1533 1423 1008 1385 1813 1599 1484 1038 1381 1791 1457 1910 1601 1975 BCNSPRNW ULIB Ver.6.0+V

เปลี่ยนเป็นภาษาไทย

Change to English
 แสดงรายละเอียดบรรณานุกรม
  กลับหน้าหลัก

Brief Record : Get Marc (ISO 2709) : E-mail record : QR code < ปิดหน้าต่าง
LEADER : 00000nam 2200000uu 4500
001    13399113503
003     ULIB
008    111122s2552||||th 000 0 tha d
020    ^a9786160600182
090    ^aนว.^bล734จ 2552
100 0  ^aจวี้ยน
245 00 ^aจักรพรรดิบัญชา/^cจวี้ยน
250    ^aพิมพ์ครั้งที่ 1
260    ^aกรุงเทพฯ :^bแจ่มใส,^c2552
300    ^a315 หน้า
710 1  ^aแจ่มใส
945    ^p209^l0^i16292
995    ^aกัณชพร
999    ^aใช้งานได้ทุกระบบ
รายการนี้ยังไม่มีแท็ก
คุณยังไม่ได้ล็อกอิน คุณสามารถมีกิจกรรมร่วมกับเว็บไซต์ได้ แต่ต้องล็อกอินก่อน ::
  ล็อกอิน

รายการสื่อสารสนเทศ

ลำดับที่ ประเภท เลขเรียก/บาร์โค้ด สถานที่ สถานะ
1. นวนิยาย
นวนิยาย
นว. ล734จ 2552  
  Barcode: 16292
ห้องสมุดวิทยาเขตสวรรค์ประชารักษ์
►นวนิยาย
บนชั้น
  ขอยืม

BibComment


ยังไม่เคยถูกคอมเมนท์

คอมเมนท์ทรัพยากรรายการนี้
  คอมเมนท์: จักรพรรดิบัญชา จ..


 Copyright 2026. Bcnsprnw @Library